Largest Cities That Start With C On A Map - Statistics

General Stats
  • This quiz has been taken 662 times
  • The average score is 12 of 20
Answers on the Map
Answers color-coded by a green-red scale on the quiz's map according to % correct below.
 
Answer Stats
City Population % Correct
Cairo 21.322.750
99%
Chicago 2,679,080
99%
Cape Town 4,709,990
96%
Caracas 2,945,858
95%
Casablanca 3,793,585
95%
Chennai 11,235,018
75%
Conakry 1,991,134
71%
Chengdu 9,305,116
68%
Cali 2,809,508
66%
Chongqing 16,382,376
63%
Cordoba 1,584,599
61%
Chittagong 5,132,751
60%
Curitiba 3,726,050
52%
Changsha 4,694,722
40%
Campinas 3,343,816
32%
Changchun 4,520,695
26%
Coimbatore 2,860,445
24%
Changzhou 3,749,712
15%
Can Tho 1,703,487
12%
Cixi 1,672,457
11%
No matching quizzes found
Score Distribution
Percent of People with Each Score
Percentile by Number Answered
Your Score History
You have not taken this quiz